[Event "IECC M email"]
[Site "IECC email"]
[Date "2003.05.18"]
[Round "?"]
[White "Greene, Seymour"]
[Black "Goodwin, James"]
[Result "1-0"]
[WhiteElo "1223"]
[BlackElo "1170"]
[PlyCount "43"]
[EventDate "2003.??.??"]
[EventType "tourn (corr)"]
[EventRounds "6"]
[SourceTitle "Corr 2008"]
[Source "ChessBase"]
[SourceDate "2008.06.24"]
[SourceVersion "1"]
[SourceVersionDate "2008.06.24"]
[SourceQuality "1"]

1. c4 e5 2. Nf3 e4 3. Nd4 Nf6 4. Nc3 Nc6 5. e3 Nxd4 6. exd4 c6 7. d3 Bb4 8. Be2 Bxc3+ 9. bxc3 exd3 10. Bxd3 Qe7+ 11. Be3 0-0 12. 0-0 d6 13. Re1 Be6 14. Bg5 Qd8 15. Qb1 g6 16. Qxb7 Qd7 17. Qxd7 Nxd7 18. Be7 Rfc8 19. Bxd6 Nb6 20. c5 Nd5 21. Ba6 Nxc3 22. Bxc8 1-0

[Event "IECC M email"]
[Site "IECC email"]
[Date "2003.01.20"]
[Round "?"]
[White "Phillips, Gordon"]
[Black "Goodwin, James"]
[Result "1-0"]
[WhiteElo "1396"]
[BlackElo "1192"]
[PlyCount "45"]
[EventDate "2003.??.??"]
[EventType "tourn (corr)"]
[EventRounds "6"]
[SourceTitle "Corr 2008"]
[Source "ChessBase"]
[SourceDate "2008.06.24"]
[SourceVersion "1"]
[SourceVersionDate "2008.06.24"]
[SourceQuality "1"]

1. e4 e5 2. Nf3 Nc6 3. Bb5 a6 4. Bxc6 dxc6 5. 0-0 Bg4 6. h3 h5 7. d3 Qf6 8. Nbd2 Ne7 9. Re1 Ng6 10. d4 Bd6 11. c4 b6 12. c5 bxc5 13. dxe5 Bxe5 14. Qc2 Bxh3 15. gxh3 Nf4 16. Kh1 Nxh3 17. Qxc5 Bf4 18. e5 Qg6 19. e6 fxe6 20. Nc4 0-0-0 21. Nce5 Qf5 22. Qa7 Nxf2+ 23. Kg1 1-0

[Event "IECC CL7-2000.39"]
[Site "IECC email"]
[Date "2000.07.31"]
[Round "?"]
[White "Gerasimiuk, Maxim"]
[Black "Goodwin, James"]
[Result "1-0"]
[WhiteElo "1076"]
[BlackElo "1194"]
[PlyCount "57"]
[EventDate "2000.??.??"]
[EventType "tourn (corr)"]
[EventRounds "4"]
[SourceTitle "Corr 2008"]
[Source "ChessBase"]
[SourceDate "2008.06.24"]
[SourceVersion "1"]
[SourceVersionDate "2008.06.24"]
[SourceQuality "1"]

1. e4 c5 2. Nf3 d6 3. d4 cxd4 4. Nxd4 Nf6 5. Nc3 Nc6 6. Bg5 e6 7. Qd2 Be7 8. 0-0-0 a6 9. Bxf6 Bxf6 10. Nxc6 bxc6 11. Qxd6 Qxd6 12. Rxd6 Bxc3 13. bxc3 Bb7 14. Bc4 0-0 15. Rhd1 c5 16. f3 Rfc8 17. Rb6 Rcb8 18. Rd7 Ra7 19. Bxa6 Rxa6 20. Rbxb7 Rf8 21. Kb2 Rc6 22. a4 h5 23. Kb3 g5 24. Kc4 Kg7 25. Kb5 Rcc8 26. a5 Kf6 27. a6 g4 28. f4 h4 29. a7 1-0

[Event "IECC CL7-2000.39"]
[Site "IECC email"]
[Date "2000.07.31"]
[Round "?"]
[White "Goodwin, James"]
[Black "Wallace, Richard"]
[Result "1-0"]
[WhiteElo "1199"]
[BlackElo "773"]
[PlyCount "23"]
[EventDate "2000.??.??"]
[EventType "tourn (corr)"]
[EventRounds "4"]
[SourceTitle "Corr 2008"]
[Source "ChessBase"]
[SourceDate "2008.06.24"]
[SourceVersion "1"]
[SourceVersionDate "2008.06.24"]
[SourceQuality "1"]

1. d4 d5 2. e3 c6 3. Bd3 Nf6 4. Nd2 Bg4 5. f3 Bh5 6. Ne2 e6 7. Nf4 Bd6 8. 0-0 0-0 9. Nxh5 Nxh5 10. f4 g5 11. Qxh5 Nd7 12. Qxh7# 1-0

[Event "IECC Swiss email"]
[Site "IECC email"]
[Date "2000.06.16"]
[Round "?"]
[White "Goodwin, James"]
[Black "Hakuc, Waclaw"]
[Result "0-1"]
[WhiteElo "1200"]
[BlackElo "1814"]
[PlyCount "56"]
[EventDate "2000.??.??"]
[EventType "tourn (corr)"]
[EventRounds "6"]
[SourceTitle "Corr 2008"]
[Source "ChessBase"]
[SourceDate "2008.06.24"]
[SourceVersion "1"]
[SourceVersionDate "2008.06.24"]
[SourceQuality "1"]

1. d4 d5 2. e3 Nf6 3. Bd3 Nc6 4. c3 e5 5. f3 Bd6 6. Ne2 e4 7. fxe4 Nxe4 8. Bxe4 Qh4+ 9. g3 Qxe4 10. 0-0 Bh3 11. Rf2 Bg4 12. Qf1 h5 13. Nf4 h4 14. Qg2 Ne7 15. Qxe4 dxe4 16. Nd2 hxg3 17. hxg3 f5 18. Nf1 Kf7 19. Nh2 g5 20. Nxg4 gxf4 21. Ne5+ Bxe5 22. dxe5 fxg3 23. Rg2 Rh3 24. Kf1 Ng6 25. Bd2 Rg8 26. Ke2 Nh4 27. Rgg1 Rh2+ 28. Ke1 Nf3+ 0-1

[Event "IECC CL6-2000.21"]
[Site "IECC email"]
[Date "2000.06.12"]
[Round "?"]
[White "Jones, J Mason"]
[Black "Goodwin, James"]
[Result "1-0"]
[WhiteElo "1336"]
[BlackElo "1220"]
[PlyCount "53"]
[EventDate "2000.??.??"]
[EventType "tourn (corr)"]
[EventRounds "4"]
[SourceTitle "Corr 2008"]
[Source "ChessBase"]
[SourceDate "2008.06.24"]
[SourceVersion "1"]
[SourceVersionDate "2008.06.24"]
[SourceQuality "1"]

1. e4 e5 2. f4 exf4 3. Nf3 h6 4. Bc4 g5 5. 0-0 g4 6. Ne5 Rh7 7. Rxf4 d5 8. Bxd5 Be6 9. Bxe6 Qd4+ 10. Rf2 Qxe5 11. Bf5 Rg7 12. d4 Qd6 13. c3 h5 14. Bf4 Qc6 15. Qb3 Nd7 16. Nd2 h4 17. Raf1 g3 18. hxg3 hxg3 19. Rf3 Nc5 20. Qc4 Ne7 21. Qxc5 Qxc5 22. dxc5 Nxf5 23. exf5 Bxc5+ 24. Be3 Bd6 25. Ne4 0-0-0 26. Nxd6+ cxd6 27. Bf4 1-0

[Event "IECC CL7-2000.26"]
[Site "IECC email"]
[Date "2000.05.03"]
[Round "?"]
[White "Stewart, Deane"]
[Black "Goodwin, James"]
[Result "1-0"]
[WhiteElo "1073"]
[BlackElo "1203"]
[PlyCount "57"]
[EventDate "2000.??.??"]
[EventType "tourn (corr)"]
[EventRounds "4"]
[SourceTitle "Corr 2008"]
[Source "ChessBase"]
[SourceDate "2008.06.24"]
[SourceVersion "1"]
[SourceVersionDate "2008.06.24"]
[SourceQuality "1"]

1. f4 Nf6 2. e3 g6 3. Nf3 Bg7 4. c4 0-0 5. Nc3 d5 6. d4 c5 7. dxc5 Qa5 8. cxd5 Qxc5 9. Qb3 Ng4 10. Ne4 Qb6 11. Qxb6 axb6 12. h3 Nf6 13. Nxf6+ Bxf6 14. e4 Nd7 15. e5 Bg7 16. Be3 Ra5 17. b4 Ra3 18. Kf2 Re8 19. Bb5 Rd8 20. Rhc1 Nxe5 21. fxe5 Bf5 22. Bc4 Bd3 23. Bxb6 Rd7 24. Bb3 Be4 25. Rc8+ Bf8 26. d6 Bf5 27. g4 Be6 28. Be3 Bxb3 29. Bh6 1-0

[Event "IECC CL6-2000.15"]
[Site "IECC email"]
[Date "2000.04.11"]
[Round "?"]
[White "Cherner, Lyle"]
[Black "Goodwin, James"]
[Result "1/2-1/2"]
[WhiteElo "1202"]
[BlackElo "1194"]
[PlyCount "39"]
[EventDate "2000.??.??"]
[EventType "tourn (corr)"]
[EventRounds "4"]
[SourceTitle "Corr 2008"]
[Source "ChessBase"]
[SourceDate "2008.06.24"]
[SourceVersion "1"]
[SourceVersionDate "2008.06.24"]
[SourceQuality "1"]

1. g4 d5 2. Bg2 c6 3. g5 e5 4. h4 Bd6 5. d4 Be6 6. dxe5 Bxe5 7. Nf3 f6 8. h5 Nd7 9. Nxe5 fxe5 10. b3 Qc7 11. Ba3 0-0-0 12. Qd3 Nb6 13. Nd2 Ne7 14. 0-0-0 Rhf8 15. Qxh7 Rxf2 16. Bf3 Nf5 17. Bc5 Qd7 18. Bxf2 Bg8 19. Qg6 Bf7 20. Qh7 1/2-1/2

[Event "IECC CL6-2000.06"]
[Site "IECC email"]
[Date "1999.12.30"]
[Round "?"]
[White "Lukas, Jens"]
[Black "Goodwin, James"]
[Result "1-0"]
[WhiteElo "1286"]
[BlackElo "1205"]
[PlyCount "55"]
[EventDate "2000.??.??"]
[EventType "tourn (corr)"]
[EventRounds "4"]
[SourceTitle "Corr 2008"]
[Source "ChessBase"]
[SourceDate "2008.06.24"]
[SourceVersion "1"]
[SourceVersionDate "2008.06.24"]
[SourceQuality "1"]

1. e4 c5 2. c3 e5 3. Nf3 Nc6 4. Bc4 Nf6 5. Ng5 d5 6. exd5 Nxd5 7. d3 Be7 8. Nxf7 Kxf7 9. Qf3+ Ke6 10. 0-0 Rf8 11. Qg4+ Kf6 12. Qh4+ Kf7 13. Qxh7 Rh8 14. Bxd5+ Qxd5 15. Qxh8 Bh3 16. Qxh3 Bf6 17. c4 Qe6 18. Qf3 Rh8 19. Nc3 Nd4 20. Qd5 Qxd5 21. cxd5 e4 22. dxe4 Be5 23. f4 Bf6 24. e5 Bd8 25. f5 Bb6 26. d6 c4 27. Kh1 g5 28. Bxg5 1-0

[Event "IECC CL6-1999.14"]
[Site "IECC email"]
[Date "1999.06.04"]
[Round "?"]
[White "Goodwin, James"]
[Black "Huang, Peter"]
[Result "0-1"]
[WhiteElo "1244"]
[BlackElo "1275"]
[PlyCount "46"]
[EventDate "1999.??.??"]
[EventType "tourn (corr)"]
[EventRounds "4"]
[SourceTitle "Corr 2008"]
[Source "ChessBase"]
[SourceDate "2008.06.24"]
[SourceVersion "1"]
[SourceVersionDate "2008.06.24"]
[SourceQuality "1"]

1. d4 Nf6 2. e3 e6 3. Bd3 d5 4. Nd2 c5 5. c3 Nc6 6. f4 Bd6 7. Ngf3 c4 8. Bc2 0-0 9. 0-0 b6 10. Ne5 Bb7 11. Qe2 Bc7 12. e4 Nxe5 13. fxe5 Nxe4 14. Nxe4 dxe4 15. Bxe4 Bd5 16. Bd2 a5 17. Rf2 f5 18. exf6 Rxf6 19. Bxh7+ Kxh7 20. Qh5+ Kg8 21. Bg5 Rxf2 22. Bxd8 Rxg2+ 23. Kf1 Rxd8 0-1

[Event "IECC Trio 740 email"]
[Site "IECC email"]
[Date "1999.05.03"]
[Round "?"]
[White "Badenhorst, Jack D"]
[Black "Goodwin, James"]
[Result "0-1"]
[WhiteElo "1244"]
[BlackElo "1227"]
[PlyCount "40"]
[EventDate "1999.??.??"]
[EventType "tourn (corr)"]
[EventRounds "4"]
[SourceTitle "Corr 2008"]
[Source "ChessBase"]
[SourceDate "2008.06.24"]
[SourceVersion "1"]
[SourceVersionDate "2008.06.24"]
[SourceQuality "1"]

1. e4 g6 2. d4 Bg7 3. Nf3 d6 4. c4 Nf6 5. Nc3 0-0 6. Be2 e6 7. 0-0 Nc6 8. Bg5 h6 9. Bh4 e5 10. dxe5 Nxe5 11. Nxe5 dxe5 12. Qxd8 Rxd8 13. Bxf6 Bxf6 14. Nd5 Bg7 15. Nxc7 Rb8 16. Rad1 Rxd1 17. Rxd1 Be6 18. Nxe6 fxe6 19. Rd7 Bf6 20. Bf3 a6 0-1

[Event "IECC Trio 708 email"]
[Site "IECC email"]
[Date "1999.03.28"]
[Round "?"]
[White "Sloan, John"]
[Black "Goodwin, James"]
[Result "0-1"]
[WhiteElo "1334"]
[BlackElo "1184"]
[PlyCount "72"]
[EventDate "1999.??.??"]
[EventType "tourn (corr)"]
[EventRounds "4"]
[SourceTitle "Corr 2008"]
[Source "ChessBase"]
[SourceDate "2008.06.24"]
[SourceVersion "1"]
[SourceVersionDate "2008.06.24"]
[SourceQuality "1"]

1. Nf3 Nf6 2. g3 g6 3. Bg2 Bg7 4. 0-0 d5 5. d3 c6 6. Bg5 Nbd7 7. Re1 e5 8. e4 0-0 9. exd5 cxd5 10. Nbd2 Qc7 11. Nb3 Re8 12. d4 e4 13. Nfd2 Nb6 14. f3 Bf5 15. Bf4 Qe7 16. fxe4 dxe4 17. Nf1 Nbd5 18. Be5 Qb4 19. c3 Qb6 20. Nfd2 Rac8 21. h3 Rxe5 22. c4 Re7 23. cxd5 e3 24. Nf3 Nxd5 25. Re2 Qd6 26. Kh2 h5 27. Nh4 Be4 28. Nc5 Bxg2 29. Kxg2 b6 30. Nb3 Bf6 31. Nf3 h4 32. Qe1 Re4 33. Rd1 hxg3 34. Qxg3 Nf4+ 35. Kf1 Qd5 36. Rxe3 Rxe3 0-1

[Event "IECC Trio 708 email"]
[Site "IECC email"]
[Date "1999.03.28"]
[Round "?"]
[White "Wylie, Richard"]
[Black "Goodwin, James"]
[Result "0-1"]
[WhiteElo "1184"]
[BlackElo "1195"]
[PlyCount "94"]
[EventDate "1999.??.??"]
[EventType "tourn (corr)"]
[EventRounds "4"]
[SourceTitle "Corr 2008"]
[Source "ChessBase"]
[SourceDate "2008.06.24"]
[SourceVersion "1"]
[SourceVersionDate "2008.06.24"]
[SourceQuality "1"]

1. g3 Nf6 2. d4 g6 3. Nc3 Bg7 4. e4 d6 5. d5 0-0 6. Bg5 Bg4 7. f3 Bd7 8. Qd4 c5 9. Qc4 Qc7 10. 0-0-0 a6 11. Bf4 b5 12. Qd3 b4 13. Nce2 Bb5 14. c4 bxc3 15. Qxc3 Nxd5 16. Qa3 Nb4 17. Nc3 Bxf1 18. Rxf1 Bxc3 19. bxc3 Nd3+ 20. Kc2 Nxf4 21. gxf4 Nc6 22. Ne2 Nb4+ 23. Kd2 Nc6 24. Rhg1 f5 25. exf5 Rxf5 26. Qb3+ Kg7 27. Qc2 Rd5+ 28. Ke1 e6 29. c4 Qa5+ 30. Qc3+ Qxc3+ 31. Nxc3 Rd4 32. Rg4 Rxc4 33. Ne4 d5 34. Ng5 Rc1+ 35. Kf2 Rc2+ 36. Kg1 Nd4 37. Rh4 h6 38. Nh3 Rxa2 39. Kh1 Rb8 40. Rg4 Rbb2 41. Rg3 Rxh2+ 42. Kg1 Nf5 43. Rf2 Rhxf2 44. Nxf2 Nxg3 45. Kg2 Rxf2+ 46. Kxf2 h5 47. Kxg3 a5 0-1

[Event "IECC M email"]
[Site "IECC email"]
[Date "1999.03.06"]
[Round "?"]
[White "Simner, David"]
[Black "Goodwin, James"]
[Result "0-1"]
[WhiteElo "1088"]
[BlackElo "1211"]
[PlyCount "78"]
[EventDate "1999.??.??"]
[EventType "tourn (corr)"]
[EventRounds "6"]
[SourceTitle "Corr 2008"]
[Source "ChessBase"]
[SourceDate "2008.06.24"]
[SourceVersion "1"]
[SourceVersionDate "2008.06.24"]
[SourceQuality "1"]

1. e4 c5 2. Nf3 d6 3. d4 cxd4 4. Nxd4 Nf6 5. Nc3 Nc6 6. Nxc6 bxc6 7. Bc4 e6 8. 0-0 Be7 9. Bg5 Nd7 10. Bxe7 Qxe7 11. Qe2 d5 12. exd5 cxd5 13. Bb5 Bb7 14. Qe5 0-0 15. Bxd7 Qxd7 16. Rfd1 f6 17. Qe2 Rad8 18. Qg4 Qc6 19. Re1 Rfe8 20. Rad1 e5 21. h3 d4 22. Ne4 g6 23. Qf3 Kg7 24. Re2 f5 25. Ng5 Qxf3 26. Nxf3 Bxf3 27. gxf3 Kf6 28. Kg2 a5 29. Kg3 f4+ 30. Kg2 h5 31. a4 Re6 32. h4 Rb8 33. c3 dxc3 34. bxc3 Rb3 35. Rd3 Ra3 36. Re4 Rb6 37. Rd5 Rb1 38. Rdxe5 Raa1 39. Re6+ Kg7 0-1